LEADER 01065nam a2200241 i 4500 001 000000036004 003 CaOOAMICUS 005 20040604000000.0 008 040604s1908 it u000 u ita u 013 $a5042 040 $aSeMil$bita 100 1 $aErrera, Carlo.$0(OLS)http://semarc/name/16876 245 12$aL'Ossola /$cCarlo Errera. 260 $aBergamo :$bIstituto Italiano d'Arti Grafiche,$c1908. 300 $a131 p. :$bcon 151 illustrazioni ;$c27 cm. 490 0 $aCollezione di monografie illustrate. Serie 1., Italia artistica ;$v38. 650 4$aPiemonte.$0(OLS)http://semarc/subject/6732 650 4$aVal d'Ossola - Descrizioni e viaggi.$0(OLS)http://semarc/subject/24508 830 0$aCollezione di monografie illustrate. Serie 1., Italia artistica ;$v38.$0(OLS)http://semarc/title/176 850 $aSeMil 852 $aSeMil$W1$xVenegono$y1$m5H XVI 38$j2159$B2159$CSeMilBibl$Z2$F2159 $81 996 $6245$aL'Ossola$9(OLS)http://semarc/title/49589 996 $6260$aBergamo :$bIstituto Italiano d'Arti Grafiche$9(OLS)http://semarc/publisher/29676 LEADER 01090nam a2200277 i 4500 001 000000125404 003 CaOOAMICUS 005 20040415000000.0 008 040415s1963 it u000 u ita u 013 $a98105 040 $aSeMil$bita 100 1 $aRosmini, Antonio,$c.$0(OLS)http://semarc/name/405 245 10$aFedeltà alla Chiesa /$cAntonio Rosmini ; A cura di Clemente Riva. 260 $aBrescia :$bMorcelliana,$ccopyr. 1963. 300 $a47 p. ;$c19 cm. 490 0 $aFuochi 650 4$aChiesa - Meditazioni.$0(OLS)http://semarc/subject/7470 700 1 $aRiva, Clemente,$c.$0(OLS)http://semarc/name/22549 830 0$aFuochi.$0(OLS)http://semarc/title/6314 850 $aSeMil 852 $aSeMil$W1$xVenegono$y1$m3F III 655$j79859$B79859$CSeMilBibl$Z2$F82057 $81 900 1 $aRosmini Serbati, Antonio. 961 $aRecupero: Seminario di Seveso 996 $6245$aFedeltà alla Chiesa$9(OLS)http://semarc/title/184676 996 $6260$aBrescia :$bMorcelliana$9(OLS)http://semarc/publisher/29629